NBA Stat Leaders 22-23 - Statistics

General Stats
  • This quiz has been taken 115 times
  • The average score is 56 of 70
Answer Stats
TEAM Answer % Correct
BOS Jayson Tatum
100%
POR Damian Lillard
97%
PHI Joel Embiid
97%
Points Lebron James
97%
PHO Devin Booker
96%
GSW Draymond Green
96%
MIL Giannis Antetokounmpo
96%
MEM Ja Morant
96%
GSW Steph Curry
96%
Boards Anthony Davis
95%
CLE Donovan Mitchell
95%
NYK Jalen Brunson
95%
HOU Jalen Green
95%
DAL Luka Doncic
95%
DEN Nikola Jokic
95%
OKC Shai Gilgeous-Alexander
95%
SAC Domantas Sabonis
94%
PHI James Harden
94%
MIA Jimmy Butler
94%
ATL Trae Young
94%
CHI Zach LaVine
94%
SAC De'Aaron Fox
93%
MIN Anthony Edwards
92%
MIA Bam Adebayo
92%
LAC Kawhi Leonard
92%
CHA Lamelo Ball
92%
DET Jalen Duren
90%
NO Zion Williamson
90%
PHO Chris Paul
89%
CHI DeMar DeRozan
89%
TOR Pascal Siakam
89%
MIN Rudy Gobert
89%
ATL Clint Capela
88%
MIL Jrue Holiday
88%
WAS Kristaps/Beal
88%
IND Tyrese Haliburton
88%
PHO Deandre Ayton
87%
UTA Lauri Markkanen
87%
BKN Mikal Bridges
87%
MIL Khris Middleton
85%
WAS Bradley Beal
84%
GSW Kevon Looney
84%
NO Brandon Ingram
83%
BKN Nic Claxton
82%
CHI Nikola Vucevic
82%
CLE Evan Mobley
81%
ORL Paolo Banchero
81%
TOR Fred VanVleet
79%
IND Myles Turner
79%
LAC Ivica Zubac
78%
WAS Kristaps Porzingis
78%
NYK Mitchell Robinson
78%
MIN Mike Conley
77%
OKC Josh Giddey
76%
POR Jusuf Nurkic
74%
NO Jonas Valanciunas
71%
SAS Keldon Johnson
69%
LAC Russell Westbrook
69%
HOU Alperen Sengun
63%
BKN Spencer Dinwiddie
62%
TOR Jakob Poeltl
60%
ORL Markelle Fultz
53%
ORL Wendell Carter Jr
49%
DET Bojan Bogdanovic
47%
CHA Mason Plumlee
45%
SAS Tre Jones
41%
HOU Kevin Porter Jr
37%
DET Killian Hayes
35%
MEM Xavier Tillman
24%
POR Skylar Mays
3%
No matching quizzes found
Score Distribution
Percent of People with Each Score
Percentile by Number Answered
Your Score History
You have not taken this quiz